Bájníci. 2, Nebezpečný sen /

Barevné komiksové dobrodružství, založené na prastarých baltofinských mýtech.

Uloženo v:
Série:Bájníci, část 2
Hlavní autor: Westin, Miila, 1987- (Autor, Ilustrátor)
Další autoři: Švec, Michal, 1984- (Autor)
Médium: Kniha
Jazyk:Czech
Vydáno: Brno : Host, 2026
Vydání:První vydání
Témata:
Celkem bylo vypůjčeno:0x
Příbuzné jednotky:Z cyklu:: Bájníci
Tagy:
Žádné tagy
LEADER 02705nam a2200517 i 4500
001 106309
003 CZ PrNK
005 20260512142123.0
007 ta
008 260505s2026 xr a c 6 000 1 cze
015 |a cnb003756581 
020 |a 9788027528639  |q (vázáno) 
040 |a ABG001  |b cze  |e rda 
041 1 |a cze  |h fin 
072 7 |a 741.52  |x Komiksy. Komiksové adaptace  |2 Konspekt  |9 21 
072 7 |a 821-93  |x Literatura pro děti a mládež (beletrie)  |2 Konspekt  |9 26 
080 |a 741.52(0:82-322.9)  |2 MRF 
080 |a 741.52(0:82-321.3)  |2 MRF 
080 |a 821-93  |2 MRF 
100 1 |a Westin, Miila,  |d 1987-  |7 xx0337646  |4 aut  |9 116751  |4 ill 
240 1 0 |a Vaarallinen uni.  |l Česky 
245 1 0 |a Bájníci.  |n 2,  |p Nebezpečný sen /  |c Miila Westinová ; přeložil Michal Švec 
246 3 0 |a Nebezpečný sen 
250 |a První vydání 
264 1 |a Brno :  |b Host,  |c 2026 
300 |a 105 stran :  |b barevné ilustrace ;  |c 26 cm 
336 |a text  |b txt  |2 rdacontent 
336 |a statický obraz  |b sti  |2 rdacontent 
337 |a bez média  |b n  |2 rdamedia 
338 |a svazek  |b nc  |2 rdacarrier 
500 |a Přeloženo z finštiny 
520 2 |a Barevné komiksové dobrodružství, založené na prastarých baltofinských mýtech.  |b Noční můra je jen zlý sen, ze kterého se můžeš probudit. Ale co když ne? Eevi se dostala na místo, odkud se smrtelníci většinou nevracejí — do říše mrtvých Tuonely. Jí se však podařilo vrátit ve zdraví zpátky, a ještě přitom spolu s kamarády osvobodit kraj z nekončící zimy. Eevino setkání s nadpřirozenem tím zdánlivě skončilo, ale pronásledují ji zlé sny. Z jedné takové noční můry ji probudí podzemník Otso. Eevi má totiž starodávný přívěsek od babičky, který by mu mohl pomoct. Jenže po tomto mocném šperku baží i Louhi, hrozivá vládkyně Tuonely. Zlé sny se opakují a Eevi zjistí, že sen a skutečnost někdy dělí pouze velmi tenká hranice. Nakladatelská anotace. Kráceno. 
521 8 |a Pro čtenáře od 9 let 
655 7 |a fantasy komiksy  |7 fd1057473  |2 czenas 
655 7 |a akční a dobrodružné komiksy  |7 fd1057471  |2 czenas 
655 7 |a publikace pro děti  |7 fd133156  |2 czenas  |9 23 
655 9 |a fantasy comics  |2 eczenas 
655 9 |a action and adventure comics  |2 eczenas 
655 9 |a children's literature  |2 eczenas 
700 1 |a Švec, Michal,  |d 1984-  |7 mzk2007423828  |4 trl  |9 26493 
710 2 |a Host (vydavatelství)  |7 ko2003163544  |4 pbl  |9 117148 
787 0 8 |i Z cyklu:  |t Bájníci  |g 2 
910 |a UOG502 
942 |2 ddc  |c KN 
999 |d 106309 
993 |0 0  |1 421120707030  |2 ddc  |4 0  |7 0  |9 99682  |b 0  |c 107030  |d 2026-05-12  |e 0  |f M  |h 449.00  |i Koupě  |l M  |r 2026-05-12  |t 8  |w 2026-05-12  |y KN  |z KOMIKS  |n